Consacrazione dell'Italia al Cuore Immacolato di Maria (Record n. 12983)

Dettagli MARC
000 -LEADER
fixed length control field 00927nam a2200181Ia 4500
003 - CONTROL NUMBER IDENTIFIER
control field IT-RoPAU
005 - DATE AND TIME OF LATEST TRANSACTION
control field 20220918175447.0
008 - FIXED-LENGTH DATA ELEMENTS--GENERAL INFORMATION
fixed length control field 120407s9999 xx 000 0 und d
040 ## - CATALOGING SOURCE
Original cataloging agency IT-RoPAU
Transcribing agency 20130627093403.0
040 ## - CATALOGING SOURCE
Transcribing agency IT-RoPAU
100 ## - MAIN ENTRY--PERSONAL NAME
Personal name Amorth Gabriele
9 (RLIN) 746
245 ## - TITLE STATEMENT
Title Consacrazione dell'Italia al Cuore Immacolato di Maria
Remainder of title Ricordi
260 ## - PUBLICATION, DISTRIBUTION, ETC. (IMPRINT)
Place of publication, distribution, etc. Roma
Name of publisher, distributor, etc. Tip. R. Ambrosini
Date of publication, distribution, etc. S.d.
300 ## - PHYSICAL DESCRIPTION
Dimensions 21 cm
Extent 46 pp.
520 ## - SUMMARY, ETC.
Summary, etc. Indice<br/><br/>L'incarico affidatomi da D. Lamera<br/>La svolta giusta<br/>La documentazione<br/>Le adesioni<br/>A grandi passi<br/>La decisione della C.E.I.<br/>L'incontro a Bologna<br/>La grande "Peregrinatio" e il Tempio di Trieste<br/>L'ultima riunione<br/>Rimbocchiamoci le maniche<br/>Le autorità civili<br/>Un sogno: oltre la cortina di ferro<br/>La Madonna da P. Pio<br/>Non mancano le croci<br/>La formula di consacrazione<br/>Nella pace del Signore<br/>Uno sguardo al futuro: la voce dei Pontefici
600 ## - SUBJECT ADDED ENTRY--PERSONAL NAME
Personal name opuscolo
9 (RLIN) 747
942 ## - ADDED ENTRY ELEMENTS (KOHA)
Koha item type LIBRO
Source of classification or shelving scheme Dewey Decimal Classification
Dati di copia
Withdrawn status Lost status Source of classification or shelving scheme Damaged status Not for loan Home library Current library Date acquired Total Checkouts Full call number Date last seen Price effective from Koha item type Public note
    Dewey Decimal Classification Buone Condizioni Not For Loan PAULUS-BIBLIOTECA PAULUS-BIBLIOTECA 11/04/2012   05 spalla - CG. 11/04/2012 11/04/2012 LIBRO Inserito da: Valentino In data: n.d. fondo: Fanella - Valentino Progr:4041
    Dewey Decimal Classification Buone Condizioni Not For Loan PAULUS-BIBLIOTECA PAULUS-BIBLIOTECA 27/06/2013   P E1 27/06/2013 27/06/2013 LIBRO  
CREDITS: SOCIETA' SAN PAOLO Via A.Severo, 58 - ROMA (RM) & PERIODICI SAN PAOLO SRL Via Giotto, 36 MILANO & CISF Via Giotto, 36 MILANO & EDIZIONI SAN PAOLO SRL,  Piazza Soncino, 5 CINISELLO BALSAMO (MI) -- ITALY